Efficiency of Tax Administration in Slovak republic

Úlohu daní vo fiškálnej politike, daňové princípy a požiadavky na daňový systém, daňová efektívnosť a metóda merania efektívnosti výberu daní.

Salvato in:
Dettagli Bibliografici
Autore principale: Šoltésová, Erika, 1969-
Natura: Capitolo di libro
Lingua:inglese
Soggetti:
Tags: Aggiungi Tag
Nessun Tag, puoi essere il primo ad aggiungerne!!

MARC

LEADER 00000naa$a2200000$$$4500
001 0272557
005 20240502074309.9
041 0 |a eng 
044 |a SK 
245 1 0 |a Efficiency of Tax Administration in Slovak republic  |c Erika Šoltésová 
520 |a Úlohu daní vo fiškálnej politike, daňové princípy a požiadavky na daňový systém, daňová efektívnosť a metóda merania efektívnosti výberu daní. 
610 2 0 |a politika fiškálna 
610 2 0 |a dane 
610 2 0 |a efektívnosť 
610 2 0 |a systémy daňové 
610 2 0 |a správa daňová 
100 1 |a Šoltésová, Erika, 1969-